NBA jumeaux - Statistiques

Statistiques générales
  • Ce quiz a été pris 183 fois
  • Le résultat moyen est 6 sur 10
Statistiques - réponses
Equipe Frère % Correct
Bucks Brook
95%
Bucks Robin
77%
Rockets Amen
72%
Piston Ausar
72%
Sixers Marcus
67%
Heat Caleb
62%
Kings Keegan
61%
Mavericks Markieff
58%
Hornets Cody
43%
Trail Blazers Kris
30%
Aucun quiz correspondant
Distribution des résultats
% des personnes avec chaque résultat
Percentile par nombre de réponses
Votre historique - résultats
Vous n’avez pas pris ce quiz